| 000 | 00589nam a2200193Ia 4500 | ||
|---|---|---|---|
| 003 | GCL | ||
| 008 | 140319s9999 xx 000 0 ara d | ||
| 040 |
_aGCL / _cGCL |
||
| 082 | 0 | 4 |
_a413.028 _bع م |
| 100 | 1 | _aعبدالسميع محمد احمد | |
| 245 | 1 | 0 |
_aالمعاجم العربية دراسة تحليلية / _cعبدالسميع محمد احمد |
| 260 |
_a[S.N] : _bدار الفكر العربى |
||
| 300 | _a192 ص | ||
| 490 | _a | ||
| 650 | 0 | 4 | _aاللغة العربية |
| 650 | 0 | 4 | _aالمعاجم |
| 650 | 0 | 4 | _aالكتابة العربية |
| 942 |
_2ddc _cBK |
||
| 999 |
_c32296 _d32296 |
||